High carbonate ion conductance of a robust PiperION membrane allows industrial current density and conversion in a zero-gap carbon dioxide electrolyzer cell

Elmentve itt :
Bibliográfiai részletek
Szerzők: Endrődi Balázs
Kecsenovity Egon
Samu A.
Halmágyi T.
Rojas-Carbonell S.
Wang L.
Yan Y.
Janáky Csaba
Dokumentumtípus: Cikk
Megjelent: 2020
Sorozat:Energy & Environmental Science 13 No. 11
doi:10.1039/d0ee02589e

mtmt:31625920
Online Access:http://publicatio.bibl.u-szeged.hu/19746
LEADER 00986nab a2200277 i 4500
001 publ19746
005 20210312112421.0
008 201016s2020 hu o 0|| zxx d
022 |a 1754-5692 
024 7 |a 10.1039/d0ee02589e  |2 doi 
024 7 |a 31625920  |2 mtmt 
040 |a SZTE Publicatio Repozitórium  |b hun 
041 |a zxx 
100 1 |a Endrődi Balázs 
245 1 0 |a High carbonate ion conductance of a robust PiperION membrane allows industrial current density and conversion in a zero-gap carbon dioxide electrolyzer cell  |h [elektronikus dokumentum] /  |c  Endrődi Balázs 
260 |c 2020 
300 |a 4098-4105 
490 0 |a Energy & Environmental Science  |v 13 No. 11 
700 0 1 |a Kecsenovity Egon  |e aut 
700 0 1 |a Samu A.  |e aut 
700 0 1 |a Halmágyi T.  |e aut 
700 0 2 |a Rojas-Carbonell S.  |e aut 
700 0 2 |a Wang L.  |e aut 
700 0 2 |a Yan Y.  |e aut 
700 0 2 |a Janáky Csaba  |e aut 
856 4 0 |u http://publicatio.bibl.u-szeged.hu/19746/1/d0ee02589e.pdf  |z Dokumentum-elérés